| 000 | 00000nam##2200000za#4500 |
| 001 | 9.648075 |
| 003 | CaOODSP |
| 005 | 20200401075203 |
| 007 | ta |
| 008 | 150407|2000||||xxc||||| f|0| 0 eng|d |
| 020 | |a0-662-30055-6 |
| 040 | |aCaOODSP|beng |
| 043 | |an-cn--- |
| 086 | 1 |aE2-218/2000E |
| 110 | 1 |aCanada.|bForeign Affairs and International Trade. |bCanadian Centre for Foreign Policy Development. |
| 245 | 10|aReport from the Roundtable on Expert Deployment to International Peace Operations / |cby Marketa Geislerova. |
| 260 | |aOttawa - Ontario : |bForeign Affairs and International Trade. |c2000. |
| 300 | |a10p. ; |c28 cm. |
| 500 | |aN.B.: Incorrect catalogue number (2-218/2000E) printed on this publication. |
| 563 | |aSoftcover |
| 590 | |a01-48|b2001-11-30 |
| 690 | 07|aForeign policy|2gcpds |
| 690 | 07|aPeacekeeping forces|2gcpds |
| 720 | 1 |aGeislerova, Marketa |
| 775 | 08|tRapport de la table ronde: le déploiement d'experts dans les opérations internationales de paix / |w(CaOODSP)9.681620 |
| 776 | 0#|tReport from the Roundtable on Expert Deployment to International Peace Operations, 12 September 2000 (Ottawa) |w(CaOODSP)9.686017 |
| 986 | |a1006.12E |